| 000 | 00779cam a2200265 i 4500 | ||
|---|---|---|---|
| 999 |
_c200444740 _d62952 |
||
| 003 | TR-AnTOB | ||
| 005 | 20220707171126.0 | ||
| 007 | ta | ||
| 008 | 050322s1958 tu a $r01 $$$$ tur u | ||
| 040 |
_aTR-AnTOB _beng _erda _cTR-AnTOB |
||
| 041 | 0 | _atur | |
| 050 | 4 |
_aHF5821 _b.Ç45 1958 |
|
| 090 |
_aHF5821 _b.Ç45 1958 |
||
| 100 | 1 |
_aÇelikel, Necmi _eauthor _9137685 |
|
| 245 | 1 | 0 |
_aReklam sanatı / _cNecmi Çelikel. |
| 264 | 3 |
_aAnkara : _bGüzel Sanatlar Matbaası, _c1958. |
|
| 300 |
_aVII, 372 pages : _billustrations ; _c25 cm |
||
| 336 |
_atext _btxt _2rdacontent |
||
| 337 |
_aaracısız _bn _2rdamedia |
||
| 338 |
_avolume _bnc _2rdacarrier |
||
| 650 | 7 |
_aReklamcılık _2etuturkob _972685 |
|
| 942 |
_2lcc _cBK |
||